| 000 | 00411cam a2200169ua 4500 | ||
|---|---|---|---|
| 003 | OSt | ||
| 008 | 241101b |||||||| |||| 00| 0 eng d | ||
| 020 | _a81-7800-124-1 | ||
| 041 | _aeng | ||
| 082 |
_a621.47 _bRAO/EN |
||
| 100 |
_aRao , Koteswara M.V.R . _96400 |
||
| 245 | _aEnergy resources / | ||
| 250 | _a2 / | ||
| 260 |
_aHyderabad : _bBSP BS Publications , _c2006. |
||
| 300 | _a232 ; . | ||
| 942 | _cBK | ||
| 999 |
_c12902 _d12902 |
||